000 00875nam a2200217 a 4500
001 000016896
005 20250711124154.0
008 100312s2000 dr a r 000 0 spa d
040 _aDO-SdBNP
_bspa
_cBNPHU
082 _a379.7293
_bR426si
110 1 _aRepública Dominicana.
_bSecretaría de Estado de Educación y Cultura.
_bPlan Decenal de Educación
_937380
245 1 0 _aSíntesis de la evaluación a medio término del Plan Decenal de Educación .
260 _aSanto Domingo :
_bCentenario,
_c2000.
300 _a230, [28] p. :
_bil., gráf. ;
_c28 cm.
490 1 _aGestión Educativa
_v3
504 _aIncluye referencias bibliográficas y notas al pie de las páginas
650 0 _aPlanificación educativa
_917484
650 4 _aEducación
_zRepública Dominicana
_9737
830 0 _aGestión Educativa
_n3
_937381
910 _aValidado. Control de calidad. MMOLINA
999 _c16428
_d16428